Every Katy Perry Song on the Billboard Hot 100 - Statistics

General Stats
  • This quiz has been taken 463 times
    397 since last reset
  • The average score is 19 of 34
Answer Stats
# Year Song % Correct
1 2013 Roar
95%
1 2010 California Gurls ft. Snoop Dogg
91%
1 2010 Firework
91%
1 2008 I Kissed A Girl
91%
1 2014 Dark Horse ft. Juicy J
90%
3 2008 Hot N Cold
87%
1 2011 Last Friday Night (T.G.I.F.)
86%
1 2010 Teenage Dream
83%
1 2011 E.T. ft. Kanye West
78%
1 2012 Part Of Me
78%
46 2017 Swish Swish ft. Nicki Minaj
77%
2 2012 Wide Awake
75%
3 2012 The One That Got Away
73%
4 2017 Chained To The Rhythm ft. Skip Marley
72%
59 2017 Bon Appetit ft. Migos
70%
17 2014 Birthday
63%
15 2019 Never Really Over
59%
14 2013 Unconditionally
59%
24 2014 This Is How We Do
56%
9 2009 Waking Up In Vegas
55%
11 2016 Rise
47%
40 2020 Daisies
45%
20 2017 Feels (Calvin Harris) ft. Pharrell Williams & Big Sean
42%
29 2009 Thinking Of You
42%
86 2019 365 (Zedd)
39%
34 2013 Walking On Air
29%
81 2019 Small Talk
28%
37 2010 If We Ever Meet Again (Timbaland)
27%
22 2019 Con Calma (Daddy Yankee) ft. Snow
25%
66 2009 Starstrukk (3OH!3)
25%
53 2010 Not Like The Movies
21%
58 2010 Circle The Drain
20%
48 2014 Who You Love (John Mayer)
15%
53 2019 Cozy Little Christmas
13%
No matching quizzes found
Score Distribution
Percent of People with Each Score
Percentile by Number Answered
Your Score History
You have not taken this quiz since the last reset